00694nam a2200217Ia 4500003000900000008004100009040001300050040001300063041000900076100001900085245007900104250001200183260002300195260000900218300001100227300001200238490000600250942000700256999001700263952019600280IT-RoPAU120407s9999 xx 000 0 und d aIT-RoPAU cIT-RoPAU alat  aBenedictus XIV aInstitutiones ecclesisticae, in synopsim redactae, ab Emmanuele De Azevedo aVenezia aDominicum Pompesti c1790 a680 p. c23,5 cm v1 cBK c36368d36368 00102ddc406262_60000000000000071aPAULUSbPAULUSd2012-04-11l0o262.6r2012-04-11 00:00:00w2012-04-11yBKzInserito da: Carla In data: 24 ottobre 2011 fondo: Via A.Severo 56 Progr:15442